| 000 | 00669nam a22002052 4500 | ||
|---|---|---|---|
| 001 | 0000018604 | ||
| 005 | 20151021151127.0 | ||
| 008 | 100216s xx 000 0 eng d | ||
| 040 |
_aKABU _cKABU |
||
| 110 | 2 |
_aKenya. _@0000150215 |
|
| 245 | 1 | 0 |
_aValue added tax act : _bchapter 476 and the subsidiary legislations / _cKenya. |
| 250 | _aRev. ed. | ||
| 260 |
_aNairobi : _bGovernment Printer, _c2007. |
||
| 300 | _a147 p. | ||
| 650 | 0 |
_aValue added tax _xLaw and legislation _zKenya. _@0000177926 |
|
| 710 | 2 |
_aKenya Revenue Authority. _@0000159418 |
|
| 852 | 1 | _9p975 KES | |
| 908 | _a100216 | ||
| 950 | _@1 | ||
| 999 |
_c961 _d961 |
||